[Event "HokkaidoCh2018"]
[Site "?"]
[Date "2018.03.25"]
[Round "4.2"]
[White "DRAKAKIS, Athanasios"]
[Black "KIMURA, Ryota"]
[Result "1/2-1/2"]
[WhiteElo "1827"]
[BlackElo "1625"]
[PlyCount "52"]
[SourceDate "2018.03.25"]
[SourceVersionDate "2018.03.25"]

1. d4 Nf6 2. Nf3 d5 3. Bf4 Bf5 4. Nbd2 Nbd7 5. e3 e6 6. Be2 Bd6 7. O-O O-O 8.
Bxd6 cxd6 9. Nh4 Bg6 10. Nxg6 fxg6 11. c4 dxc4 12. Nxc4 d5 13. Nd2 Rc8 14. Rc1
Qa5 15. a3 Rc7 16. Rxc7 Qxc7 17. Nf3 Ne4 18. Bd3 Ndf6 19. Ne5 Nd6 20. h3 Rc8
21. Qe2 Nfe4 22. Bxe4 Nxe4 23. Qg4 Qe7 24. Qe2 Qc7 25. Qg4 Qe7 26. Qe2 Qc7
1/2-1/2

[Event "HokkaidoCh2018"]
[Site "?"]
[Date "2018.03.25"]
[Round "4.3"]
[White "SHIBUYA, Kaisei"]
[Black "MANABE, Hiroaki"]
[Result "1/2-1/2"]
[WhiteElo "1582"]
[BlackElo "1723"]
[PlyCount "99"]
[SourceDate "2018.03.25"]
[SourceVersionDate "2018.03.25"]

1. e4 e6 2. d4 d5 3. e5 c5 4. c3 Nc6 5. Nf3 Nge7 6. Bg5 Qb6 7. Qb3 Qxb3 8. axb3
cxd4 9. Bxe7 Bxe7 10. Nxd4 Nxd4 11. cxd4 Bd7 12. Nc3 Bb4 13. Be2 O-O 14. O-O
Rfc8 15. Rfc1 a6 16. Na4 Bxa4 17. bxa4 Bd2 18. Rd1 Rc2 19. b3 Rac8 20. Bd3 Rb2
21. Rab1 Rxb1 22. Rxb1 Rc1+ 23. Rxc1 Bxc1 24. b4 Bb2 25. a5 Bc3 26. b5 axb5 27.
Bxb5 Bxa5 28. f4 Bb6 29. Kf2 Bxd4+ 30. Kf3 f6 31. exf6 gxf6 32. g4 Kf7 33. h4
e5 34. f5 Bc5 35. Ba4 Kg7 36. Bb3 d4 37. Ke4 Be7 38. Ba2 h5 39. gxh5 Kh6 40.
Bf7 b5 41. Kd3 b4 42. Kc4 b3 43. Kxb3 e4 44. Kc2 Bb4 45. Kb3 e3 46. Bc4 Bc3 47.
Be2 Be1 48. Kc4 Bxh4 49. Kxd4 Bf2 50. Kd5 1/2-1/2

[Event "HokkaidoCh2018"]
[Site "?"]
[Date "2018.03.25"]
[Round "4.4"]
[White "AOKI, Yasuhiro"]
[Black "HAKAMADA, Eiji"]
[Result "1-0"]
[WhiteElo "1620"]
[BlackElo "1510"]
[PlyCount "61"]
[SourceDate "2018.03.25"]
[SourceVersionDate "2018.03.25"]

1. c4 c5 2. Nf3 e6 3. g3 d5 4. cxd5 exd5 5. Bg2 Nf6 6. d4 Nc6 7. O-O Be7 8.
dxc5 Bxc5 9. Qc2 Bb6 10. Nc3 O-O 11. Bg5 Be6 12. Rad1 h6 13. Bf4 Qe7 14. a3
Rac8 15. Qb1 Rfd8 16. b4 Nxb4 17. Na4 Na6 18. Nxb6 axb6 19. Qxb6 Rc6 20. Qb2
Rdc8 21. Nd4 Rc3 22. Nxe6 fxe6 23. Rb1 e5 24. Rfc1 Rxc1+ 25. Bxc1 Rc7 26. Bd2
e4 27. Bf4 Rc4 28. Qxb7 Qxa3 29. Bh3 Kh8 30. Qf7 Qc5 31. Rb7 1-0

[Event "HokkaidoCh2018"]
[Site "?"]
[Date "2018.03.25"]
[Round "4.5"]
[White "KOYAHATA, Taku"]
[Black "MATSUMOTO, Kenshin"]
[Result "0-1"]
[WhiteElo "1391"]
[BlackElo "1471"]
[PlyCount "128"]
[SourceDate "2018.03.25"]
[SourceVersionDate "2018.03.25"]

1. d4 d5 2. c4 e6 3. Nc3 Nf6 4. Nf3 Be7 5. e3 c6 6. Be2 dxc4 7. Bxc4 b5 8. Bd3
a6 9. O-O Nbd7 10. a3 O-O 11. b4 a5 12. Na2 axb4 13. axb4 Bxb4 14. Bd2 Bxd2 15.
Qxd2 Bb7 16. Ng5 h6 17. Ne4 Nxe4 18. Bxe4 Nc5 19. Qc2 Nxe4 20. Qxe4 Qb6 21. Qb1
Ra3 22. h3 Rfa8 23. Rc1 Qa5 24. Rc2 b4 25. Rb2 c5 26. dxc5 Bd5 27. c6 Bxc6 28.
e4 Qe5 29. Rxb4 Qg5 30. Rb8+ Rxb8 31. Qxb8+ Kh7 32. Qb1 Qg6 33. Qc1 Rxh3 34.
Qxc6 Ra3 35. Qc1 Qxe4 36. Nc3 Rxa1 37. Qxa1 Qd4 38. Qb1+ g6 39. Ne2 Qc4 40. Qf1
Qa6 41. Ng3 Qxf1+ 42. Kxf1 g5 43. Ke2 Kg6 44. Ke3 Kf6 45. Ke4 Kg6 46. f3 h5 47.
Nf1 g4 48. fxg4 hxg4 49. Ng3 Kg5 50. Nf1 f6 51. Ne3 Kh4 52. Nf1 Kg5 53. Ng3 Kh4
54. Nf1 Kg5 55. Ng3 Kh4 56. Nf1 Kg5 57. Ng3 f5+ 58. Nxf5 exf5+ 59. Ke3 f4+ 60.
Kf2 Kf5 61. Ke2 Ke4 62. Kf2 Kd3 63. Kf1 Ke3 64. Kg1 Ke2 0-1

[Event "HokkaidoCh2018"]
[Site "?"]
[Date "2018.03.25"]
[Round "4.6"]
[White "SONOMOTO, Shinji"]
[Black "IKEDA, Naoto"]
[Result "1-0"]
[WhiteElo "1740"]
[BlackElo "1317"]
[PlyCount "81"]
[SourceDate "2018.03.25"]
[SourceVersionDate "2018.03.25"]

1. d4 d5 2. Nf3 Nf6 3. Nbd2 Nbd7 4. c3 e6 5. Qc2 Bd6 6. e4 dxe4 7. Nxe4 Nxe4 8.
Qxe4 Nf6 9. Qh4 Be7 10. Bd3 g6 11. Bh6 Ng8 12. Qf4 Nxh6 13. Qxh6 Bf8 14. Qf4
Bg7 15. O-O O-O 16. Rad1 b6 17. Be4 Rb8 18. Rfe1 f5 19. Bc2 Re8 20. d5 Qe7 21.
dxe6 Bxe6 22. Ng5 Bh6 23. h4 Bxg5 24. hxg5 Kf7 25. Rxe6 Qxe6 26. Bb3 Kf8 27.
Bxe6 Rxe6 28. Qxc7 Rbe8 29. Qxh7 R8e7 30. Qh8+ Kf7 31. Qh7+ Kf8 32. Rd8+ Re8
33. Rxe8+ Kxe8 34. Qg8+ Ke7 35. Qg7+ Kd6 36. Qxa7 Ke5 37. g3 Ke4 38. Qb7+ Ke5
39. f4+ Kd6 40. Qxb6+ Kd5 41. c4+ 1-0

[Event "HokkaidoCh2018"]
[Site "?"]
[Date "2018.03.25"]
[Round "4.7"]
[White "WATANABE, Katsumi"]
[Black "SATO, Yasuji"]
[Result "0-1"]
[WhiteElo "1657"]
[BlackElo "1614"]
[PlyCount "108"]
[SourceDate "2018.03.25"]
[SourceVersionDate "2018.03.25"]

1. d4 d5 2. c4 e5 3. dxe5 d4 4. Nf3 Nc6 5. e3 Bb4+ 6. Bd2 dxe3 7. fxe3 Bg4 8.
Be2 Bc5 9. O-O Qe7 10. Nc3 O-O-O 11. Nd5 Qe8 12. Nd4 Bxe2 13. Nxe2 Nxe5 14. Qc2
c6 15. Bb4 Bxb4 16. Nxb4 Nf6 17. Rad1 Qe7 18. Nd3 Nfg4 19. Nxe5 Rxd1 20. Qf5+
Kb8 21. Rxd1 Nxe3 22. Qd7 Qxe5 23. Qd6+ Qxd6 24. Rxd6 Nxc4 25. Rd7 Rf8 26. b3
Kc8 27. Re7 Nd6 28. Nf4 Kd8 29. Re2 Kd7 30. Nh5 Re8 31. Rd2 Kc7 32. Nxg7 Re5
33. h4 f5 34. Nh5 a5 35. Nf6 h6 36. Ng8 h5 37. Nf6 f4 38. Nh7 Nf5 39. Nf8 Nxh4
40. Rd7+ Kb6 41. Rf7 Rf5 42. Rxf5 Nxf5 43. Ng6 Kb5 44. Nxf4 Ng7 45. Kf2 Kb4 46.
Kg3 Ka3 47. Kh4 Kxa2 48. Nxh5 Nf5+ 49. Kg5 Ne3 50. g3 Kxb3 51. Kf4 Nd5+ 52. Ke5
a4 53. g4 a3 54. g5 Ne7 0-1

[Event "HokkaidoCh2018"]
[Site "?"]
[Date "2018.03.25"]
[Round "4.8"]
[White "KOBAYASHI, Katsuhiko"]
[Black "ITO, Katsumi"]
[Result "1-0"]
[WhiteElo "1494"]
[BlackElo "1282"]
[PlyCount "73"]
[SourceDate "2018.03.25"]
[SourceVersionDate "2018.03.25"]

1. e4 c5 2. Nf3 Nc6 3. Bb5 d6 4. Bxc6+ bxc6 5. O-O Bg4 6. Nc3 h6 7. d3 Nf6 8.
Bd2 Rb8 9. b3 e6 10. h3 Bh5 11. g4 Bg6 12. e5 Nd7 13. exd6 Bxd6 14. Ne4 Bxe4
15. dxe4 Ne5 16. Bc3 Nxf3+ 17. Qxf3 O-O 18. Rad1 Qc7 19. e5 Bxe5 20. Bxe5 Qxe5
21. Qxc6 Rfc8 22. Qd7 Qc3 23. Qxa7 Qxh3 24. Rd3 Qxg4+ 25. Rg3 Qe4 26. Rd1 Rb7
27. Qa5 Rbb8 28. Qc3 f6 29. Qxf6 g5 30. Rd7 Qe1+ 31. Kh2 Qxf2+ 32. Qxf2 Rf8 33.
Rf3 g4 34. Rxf8+ Rxf8 35. Qxf8+ Kxf8 36. Kg3 Ke8 37. Rh7 1-0

[Event "HokkaidoCh2018"]
[Site "?"]
[Date "2018.03.25"]
[Round "5.1"]
[White "SUGIMOTO, Koichi"]
[Black "KIMURA, Ryota"]
[Result "1-0"]
[WhiteElo "1960"]
[BlackElo "1625"]
[PlyCount "81"]
[SourceDate "2018.03.25"]
[SourceVersionDate "2018.03.25"]

1. d4 d5 2. c4 e6 3. Nf3 c5 4. cxd5 exd5 5. g3 Nc6 6. Bg2 Nf6 7. O-O Be7 8. Nc3
O-O 9. Bg5 cxd4 10. Nxd4 Be6 11. Rc1 Qd7 12. Nxc6 bxc6 13. Na4 Rab8 14. a3 h6
15. Be3 Rfc8 16. b4 Rb7 17. Bd4 Qd6 18. Nc5 Rbc7 19. Qd3 Qd8 20. Rc3 Nd7 21.
Nxe6 fxe6 22. Qe3 e5 23. Bxe5 Nxe5 24. Qxe5 Bf6 25. Qe6+ Kh8 26. Rd3 Re7 27.
Qg4 Qc7 28. e3 Rce8 29. Rfd1 a5 30. Rc1 Qb6 31. Rc5 axb4 32. Qxb4 Rb7 33. Qxb6
Rxb6 34. a4 d4 35. Rxc6 Rb1+ 36. Bf1 dxe3 37. Rxe3 Rd8 38. Kg2 Rd2 39. Rc8+ Kh7
40. Bd3+ Rxd3 41. Rxd3 1-0

[Event "HokkaidoCh2018"]
[Site "?"]
[Date "2018.03.25"]
[Round "5.2"]
[White "AOKI, Yasuhiro"]
[Black "DRAKAKIS, Athanasios"]
[Result "0-1"]
[WhiteElo "1620"]
[BlackElo "1827"]
[PlyCount "78"]
[SourceDate "2018.03.25"]
[SourceVersionDate "2018.03.25"]

1. c4 Nf6 2. Nc3 e6 3. e4 d6 4. d4 Be7 5. Nf3 O-O 6. Be2 h6 7. O-O Nh7 8. Be3
c6 9. Qc2 f5 10. exf5 exf5 11. Rad1 Ng5 12. Nxg5 hxg5 13. Bd3 Qd7 14. Rfe1 Na6
15. a3 Nc7 16. d5 c5 17. b4 b6 18. b5 Ne8 19. Bc1 Bf6 20. Ne2 g6 21. h4 gxh4
22. Nf4 Qf7 23. Ne6 Bxe6 24. dxe6 Qe7 25. Qe2 Ng7 26. Bh6 Rae8 27. Qf3 Be5 28.
Qd5 Qxe6 29. Qc6 Rc8 30. Qb7 Rf7 31. Qf3 Qf6 32. Bc1 Ne6 33. Bb1 Kg7 34. Qd5
Nf4 35. Bxf4 Bxf4 36. Re6 Qg5 37. Rde1 Rcf8 38. Bd3 Be5 39. Bf1 Qf4 0-1

[Event "HokkaidoCh2018"]
[Site "?"]
[Date "2018.03.25"]
[Round "5.3"]
[White "MANABE, Hiroaki"]
[Black "YOSHII, Yukihiko"]
[Result "1/2-1/2"]
[WhiteElo "1783"]
[BlackElo "1723"]
[PlyCount "95"]
[SourceDate "2018.03.25"]
[SourceVersionDate "2018.03.25"]

1. e4 e5 2. Bc4 Nf6 3. d4 Nc6 4. Nf3 exd4 5. e5 Ng4 6. Qe2 Be7 7. h3 Nh6 8.
Bxh6 gxh6 9. Nbd2 d5 10. exd6 Qxd6 11. O-O-O Be6 12. Rhe1 Bxc4 13. Qxc4 Qg6 14.
Nxd4 Kf8 15. Nxc6 bxc6 16. Qe4 Re8 17. Qxg6 hxg6 18. Nc4 Bg5+ 19. Kb1 Rxe1 20.
Rxe1 Kg7 21. c3 Rd8 22. Kc2 h5 23. g3 h4 24. g4 a6 25. Re4 f5 26. gxf5 gxf5 27.
Re6 Bf4 28. Rxc6 a5 29. Rc5 Kf6 30. Rxa5 Re8 31. Kd3 Re1 32. Ne3 Bxe3 33. fxe3
Rh1 34. Ra8 Rxh3 35. Rh8 Kg7 36. Rh5 Kg6 37. Rh8 f4 38. Ke2 Rxe3+ 39. Kf2 Kg5
40. Rg8+ Kf5 41. Rf8+ Kg4 42. Rg8+ Kf5 43. Rf8+ Ke4 44. Re8+ Kd3 45. Rd8+ Ke4
46. Re8+ Kd3 47. Rf8 Ke4 48. Re8+ 1/2-1/2

[Event "HokkaidoCh2018"]
[Site "?"]
[Date "2018.03.25"]
[Round "5.4"]
[White "HAKAMADA, Eiji"]
[Black "SHIBUYA, Kaisei"]
[Result "1/2-1/2"]
[WhiteElo "1510"]
[BlackElo "1582"]
[PlyCount "104"]
[SourceDate "2018.03.25"]
[SourceVersionDate "2018.03.25"]

1. c4 e5 2. Nc3 Nf6 3. Nf3 Nc6 4. e3 d5 5. cxd5 Nxd5 6. a3 Nxc3 7. bxc3 Bf5 8.
d3 e4 9. Nd4 Nxd4 10. exd4 Be7 11. Be2 O-O 12. O-O Bg5 13. dxe4 Bxe4 14. Bf3
Bxf3 15. Qxf3 c6 16. Rb1 Rb8 17. Re1 Bxc1 18. Rexc1 Qe7 19. c4 Rfd8 20. Re1 Qd6
21. Re4 Re8 22. Rbe1 Rxe4 23. Rxe4 Qh6 24. Re3 Qd6 25. Qg3 Qxg3 26. Rxg3 Rd8
27. Rd3 f5 28. f4 Kf7 29. Kf2 b5 30. cxb5 cxb5 31. Ke3 Re8+ 32. Kf3 Re4 33. g4
g6 34. gxf5 gxf5 35. d5 Ke7 36. d6+ Kd7 37. Rd5 Ra4 38. Rxb5 Kxd6 39. Rxf5
Rxa3+ 40. Kg4 a5 41. h4 Ra1 42. Kh5 a4 43. Ra5 a3 44. f5 a2 45. Kh6 Kc6 46.
Kxh7 Kb6 47. Ra3 Kc7 48. f6 Kd7 49. Ra7+ Ke8 50. h5 Kf8 51. h6 Ke8 52. Ra6 Kf8
1/2-1/2

[Event "HokkaidoCh2018"]
[Site "?"]
[Date "2018.03.25"]
[Round "5.5"]
[White "SATO, Yasuji"]
[Black "SONOMOTO, Shinji"]
[Result "0-1"]
[WhiteElo "1614"]
[BlackElo "1740"]
[PlyCount "86"]
[SourceDate "2018.03.25"]
[SourceVersionDate "2018.03.25"]

1. e4 c5 2. Nf3 g6 3. c3 Bg7 4. Bc4 d6 5. Ng5 e6 6. Qf3 Qxg5 7. Bb5+ Nd7 8. O-O
Qf6 9. Qe2 a6 10. Ba4 b5 11. Bc2 Ne7 12. d3 O-O 13. Nd2 Bb7 14. Nf3 h6 15. Be3
Nc6 16. h3 Kh7 17. Nh2 Qe7 18. f4 f5 19. Rf2 d5 20. e5 d4 21. Bd2 Rad8 22. a4
Nb6 23. axb5 axb5 24. g4 Ra8 25. Rb1 Qh4 26. Qf1 Qd8 27. Nf3 Rg8 28. Kh2 Ne7
29. cxd4 cxd4 30. Bb3 Qd7 31. Bb4 Nc6 32. Bd6 Bf8 33. Bxf8 Raxf8 34. Nd2 fxg4
35. hxg4 Nd5 36. Bxd5 Qxd5 37. Ne4 Qd8 38. Kg3 Nb4 39. Rc1 Bxe4 40. dxe4 d3 41.
Rd2 Qd4 42. Rc7+ Rg7 43. Rc3 Qe3+ 0-1

[Event "HokkaidoCh2018"]
[Site "?"]
[Date "2018.03.25"]
[Round "5.6"]
[White "MATSUMOTO, Kenshin"]
[Black "KOBAYASHI, Katsuhiko"]
[Result "1/2-1/2"]
[WhiteElo "1471"]
[BlackElo "1494"]
[PlyCount "127"]
[SourceDate "2018.03.25"]
[SourceVersionDate "2018.03.25"]

1. d4 Nf6 2. c4 g6 3. Nc3 Bg7 4. Nf3 O-O 5. e4 d6 6. Be2 Bg4 7. O-O Nbd7 8. h3
Bxf3 9. Bxf3 c6 10. Re1 e5 11. Be3 exd4 12. Bxd4 Ne5 13. Bxe5 dxe5 14. Qc2 Re8
15. Rad1 Qe7 16. g3 Qe6 17. Kh2 Qxc4 18. Rd6 Rad8 19. Red1 Rxd6 20. Rxd6 b5 21.
Be2 Qc5 22. Rxf6 Bxf6 23. Bd3 b4 24. Na4 Qxc2 25. Bxc2 Rd8 26. Kg2 Rd2 27. Bb3
Be7 28. h4 Kg7 29. Kf3 f5 30. Ke3 Rd8 31. exf5 gxf5 32. Bc2 Kf6 33. b3 Bf8 34.
Ke2 h5 35. Ke1 f4 36. gxf4 exf4 37. Nb2 Re8+ 38. Kf1 f3 39. Bd1 Re4 40. Bxf3
Rxh4 41. Bxc6 Bc5 42. Nd3 Bb6 43. Kg1 Rd4 44. Bb5 h4 45. Kg2 Kg5 46. Kf3 Bc7
47. Kg2 Kg4 48. f3+ Kg5 49. Kh3 a5 50. Nc5 Rd1 51. Ne6+ Kf5 52. Nxc7 Ra1 53.
Kxh4 Rxa2 54. Nd5 Rf2 55. Kg3 Rb2 56. Ba4 Ke5 57. Ne3 Kd4 58. Nc4 Ra2 59. Nxa5
Kc3 60. Nc6 Rxa4 61. bxa4 b3 62. a5 b2 63. a6 b1=Q 64. a7 1/2-1/2

[Event "HokkaidoCh2018"]
[Site "?"]
[Date "2018.03.25"]
[Round "5.7"]
[White "IKEDA, Naoto"]
[Black "KOYAHATA, Taku"]
[Result "0-1"]
[WhiteElo "1317"]
[BlackElo "1391"]
[PlyCount "48"]
[SourceDate "2018.03.25"]
[SourceVersionDate "2018.03.25"]

1. d4 d5 2. c4 Nf6 3. Nc3 e6 4. Nf3 Be7 5. Bf4 Bd6 6. Bxd6 Qxd6 7. e3 O-O 8.
Bd3 c5 9. O-O Nc6 10. dxc5 Qxc5 11. cxd5 exd5 12. Rc1 Qe7 13. Qc2 Be6 14. Rfd1
Nb4 15. Qb1 Nxd3 16. Rxd3 g6 17. Rcd1 Bf5 18. Nxd5 Nxd5 19. e4 Bxe4 20. Re1
Bxd3 21. Qxd3 Qc5 22. Re5 Rfd8 23. Qe4 Nf6 24. Qh4 Qxe5 0-1

[Event "HokkaidoCh2018"]
[Site "?"]
[Date "2018.03.25"]
[Round "5.8"]
[White "WILLIAMS, Richard"]
[Black "WATANABE, Katsumi"]
[Result "0-1"]
[WhiteElo "1209"]
[BlackElo "1657"]
[PlyCount "88"]
[SourceDate "2018.03.25"]
[SourceVersionDate "2018.03.25"]

1. c4 Nf6 2. Nc3 e6 3. g3 Bb4 4. Nf3 O-O 5. a3 Bxc3 6. dxc3 b6 7. Bg5 Bb7 8.
Bg2 d6 9. O-O Nbd7 10. Bxf6 Qxf6 11. Qd3 Nc5 12. Qd4 Qxd4 13. Nxd4 Bxg2 14.
Kxg2 e5 15. Nb5 Rfc8 16. a4 a6 17. Na3 Nxa4 18. Ra2 f6 19. e4 Nc5 20. f3 Kf7
21. Nc2 a5 22. Ra3 Re8 23. Rd1 g6 24. Na1 f5 25. h4 fxe4 26. fxe4 Nxe4 27. Rf1+
Kg7 28. Nc2 Nd2 29. Re1 Nxc4 30. Ra2 Rf8 31. b3 Nd2 32. Ne3 Nxb3 33. Nd5 Rf7
34. Rf2 Raf8 35. Ref1 a4 36. Rxf7+ Rxf7 37. c4 Rxf1 38. Kxf1 Nd2+ 39. Ke2 Nxc4
40. Kd3 a3 41. Nxc7 a2 42. Ne8+ Kf7 43. Kxc4 Kxe8 44. Kd5 Kd7 0-1